<?xml version="1.0" encoding="UTF-8"?>
<record
    xmlns:xsi="http://www.w3.org/2001/XMLSchema-instance"
    xsi:schemaLocation="http://www.loc.gov/MARC21/slim http://www.loc.gov/standards/marcxml/schema/MARC21slim.xsd"
    xmlns="http://www.loc.gov/MARC21/slim">

  <leader>01397cam a2200385 i 4500</leader>
  <controlfield tag="001">.b18808323</controlfield>
  <controlfield tag="003">YEEZEN</controlfield>
  <controlfield tag="005">20241230160003.0</controlfield>
  <controlfield tag="008">230322s2023    ch a    r     000 0 chi d</controlfield>
  <datafield tag="020" ind1=" " ind2=" ">
    <subfield code="a">9789861344454</subfield>
    <subfield code="q">(&#x5E73;&#x88DD;) :</subfield>
    <subfield code="c">NT$450</subfield>
  </datafield>
  <datafield tag="040" ind1=" " ind2=" ">
    <subfield code="a">CJCU</subfield>
    <subfield code="d">NTOU</subfield>
    <subfield code="c">CJCU</subfield>
  </datafield>
  <datafield tag="041" ind1="1" ind2=" ">
    <subfield code="a">chi</subfield>
    <subfield code="h">swe</subfield>
  </datafield>
  <datafield tag="042" ind1=" " ind2=" ">
    <subfield code="a">nbic</subfield>
  </datafield>
  <datafield tag="090" ind1=" " ind2=" ">
    <subfield code="a">784.758</subfield>
  </datafield>
  <datafield tag="100" ind1="1" ind2=" ">
    <subfield code="a">&#x6797;&#x5FB7;&#x5E03;&#x52DE;</subfield>
    <subfield code="c">(Lindeblad, Bj&#xF6;rn Natthiko)</subfield>
  </datafield>
  <datafield tag="100" ind1="1" ind2=" ">
    <subfield code="a">Lindeblad, Bj&#xF6;rn Natthiko.</subfield>
  </datafield>
  <datafield tag="245" ind1="1" ind2="0">
    <subfield code="a">&#x6211;&#x53EF;&#x80FD;&#x932F;&#x4E86; :</subfield>
    <subfield code="b">&#x68EE;&#x6797;&#x667A;&#x8005;&#x7684;&#x6700;&#x5F8C;&#x4E00;&#x5802;&#x4EBA;&#x751F;&#x8AB2; /</subfield>
    <subfield code="c">&#x6BD4;&#x7D04;&#x6069;.&#x7D0D;&#x63D0;&#x79D1;.&#x6797;&#x5FB7;&#x5E03;&#x52DE;(Bjorn Natthiko Lindeblad), &#x5361;&#x6D1B;&#x7433;.&#x73ED;&#x514B;&#x52D2;(Caroline Bankler), &#x7D0D;&#x7DAD;&#x5FB7;.&#x83AB;&#x8FEA;&#x91CC;(Navid Modiri)&#x8457;; &#x90ED;&#x9A30;&#x5805;&#x8B6F;</subfield>
  </datafield>
  <datafield tag="246" ind1="3" ind2="0">
    <subfield code="a">&#x68EE;&#x6797;&#x667A;&#x8005;&#x7684;&#x6700;&#x5F8C;&#x4E00;&#x5802;&#x4EBA;&#x751F;&#x8AB2;</subfield>
  </datafield>
  <datafield tag="246" ind1="3" ind2="3">
    <subfield code="a">&#x68EE;&#x6797;&#x667A;&#x8005;&#x7684;&#x6700;&#x5F8C;1&#x5802;&#x4EBA;&#x751F;&#x8AB2;</subfield>
  </datafield>
  <datafield tag="250" ind1=" " ind2=" ">
    <subfield code="a">&#x521D;&#x7248;</subfield>
  </datafield>
  <datafield tag="260" ind1=" " ind2=" ">
    <subfield code="a">&#x81FA;&#x5317;&#x5E02; :</subfield>
    <subfield code="b">&#x5148;&#x89BA;,</subfield>
    <subfield code="c">2023.02</subfield>
  </datafield>
  <datafield tag="300" ind1=" " ind2=" ">
    <subfield code="a">224&#x9762; :</subfield>
    <subfield code="b">&#x5F69;&#x5716;, &#x90E8;&#x4EFD;&#x5F69;&#x50CF; ;</subfield>
    <subfield code="c">21&#x516C;&#x5206;</subfield>
  </datafield>
  <datafield tag="490" ind1="1" ind2=" ">
    <subfield code="a">&#x4EBA;&#x6587;&#x601D;&#x6F6E; ;</subfield>
    <subfield code="v">161.</subfield>
  </datafield>
  <datafield tag="600" ind1="1" ind2="7">
    <subfield code="a">&#x6797;&#x5FB7;&#x5E03;&#x52DE;</subfield>
    <subfield code="c">(Lindeblad, Bj&#xF6;rn Natthiko, 1961-2022)</subfield>
    <subfield code="2">lcstt.</subfield>
  </datafield>
  <datafield tag="650" ind1=" " ind2="7">
    <subfield code="a">&#x50B3;&#x8A18;</subfield>
    <subfield code="2">lcstt.</subfield>
  </datafield>
  <datafield tag="650" ind1=" " ind2="7">
    <subfield code="a">&#x6BD4;&#x4E18;</subfield>
    <subfield code="2">lcstt.</subfield>
  </datafield>
  <datafield tag="650" ind1=" " ind2="7">
    <subfield code="a">&#x81EA;&#x6211;&#x5BE6;&#x73FE;</subfield>
    <subfield code="2">lcstt.</subfield>
  </datafield>
  <datafield tag="700" ind1="1" ind2=" ">
    <subfield code="a">&#x73ED;&#x514B;&#x52D2;</subfield>
    <subfield code="c">(Bankler, Caroline)</subfield>
  </datafield>
  <datafield tag="700" ind1="1" ind2=" ">
    <subfield code="a">&#x83AB;&#x8FEA;&#x91CC;</subfield>
    <subfield code="c">(Modiri, Navid)</subfield>
  </datafield>
  <datafield tag="700" ind1="1" ind2=" ">
    <subfield code="a">&#x90ED;, &#x9A30;&#x5805;</subfield>
  </datafield>
  <datafield tag="700" ind1="1" ind2=" ">
    <subfield code="a">Bankler, Caroline.</subfield>
  </datafield>
  <datafield tag="700" ind1="1" ind2=" ">
    <subfield code="a">Modiri, Navid.</subfield>
  </datafield>
  <datafield tag="765" ind1="0" ind2=" ">
    <subfield code="t">Jag kan ha fel och andra visdomar fr&#xE5;n mitt liv som buddhistmunk.</subfield>
  </datafield>
  <datafield tag="942" ind1=" " ind2=" ">
    <subfield code="2">ccl</subfield>
    <subfield code="c">BOOK</subfield>
  </datafield>
  <datafield tag="999" ind1=" " ind2=" ">
    <subfield code="c">7630</subfield>
    <subfield code="d">7630</subfield>
  </datafield>
  <datafield tag="952" ind1=" " ind2=" ">
    <subfield code="0">0</subfield>
    <subfield code="1">0</subfield>
    <subfield code="2">ccl</subfield>
    <subfield code="4">0</subfield>
    <subfield code="7">0</subfield>
    <subfield code="a">yeezen</subfield>
    <subfield code="b">yeezen</subfield>
    <subfield code="c">YEEZEN</subfield>
    <subfield code="d">2024-12-30</subfield>
    <subfield code="l">3</subfield>
    <subfield code="m">1</subfield>
    <subfield code="o">784.758</subfield>
    <subfield code="p">C03214</subfield>
    <subfield code="q">2026-04-24</subfield>
    <subfield code="r">2026-04-10 00:00:00</subfield>
    <subfield code="s">2026-04-10</subfield>
    <subfield code="w">2024-12-30</subfield>
    <subfield code="y">BOOK</subfield>
    <subfield code="z">&#x7576;&#x4F60;&#x9700;&#x8981;&#x5B89;&#x6170;&#x548C;&#x52C7;&#x6C23;&#x6642;,&#x6BD4;&#x7D04;&#x6069;&#x6EAB;&#x6696;&#x7684;&#x667A;&#x6167;&#x6703;&#x8B93;&#x4F60;&#x8DF3;&#x812B;&#x56FA;&#x8457;&#x7684;&#x7126;&#x616E;,&#x627E;&#x5230;&#x5167;&#x5FC3;&#x7684;&#x5E73;&#x975C; &#x25C6;&#x5728;&#x9019;&#x5341;&#x4E03;&#x5E74;&#x6574;&#x65E5;&#x7684;&#x7CBE;&#x795E;&#x4FEE;&#x7DF4;&#x4E2D;,&#x6211;&#x6700;&#x73CD;&#x8996;&#x7684;&#x4E00;&#x9EDE;&#x5C31;&#x662F;&#xFF1A;&#x6211;&#x5C0D;&#x81EA;&#x5DF1;&#x7684;&#x6BCF;&#x500B;&#x5FF5;&#x982D;,&#x518D;&#x4E5F;&#x4E0D;&#x76F8;&#x4FE1;&#x4E86;&#x3002;&#x9019;&#x662F;&#x6211;&#x7684;&#x8D85;&#x80FD;&#x529B;&#x3002;&#x6700;&#x68D2;&#x7684;&#x4E00;&#x9EDE;&#x5728;&#x65BC;&#xFF1A;&#x9019;&#x662F;&#x6240;&#x6709;&#x4EBA;&#x7684;&#x8D85;&#x80FD;&#x529B;&#x3002;</subfield>
  </datafield>
</record>
